Online Catalogue and eLibrary

Alimaṅkaḍa parājayen pasu Śrī Laṅkāva saha Indiyāva : (Record no. 5989)

MARC details
000 -LEADER
fixed length control field 00639cam a22001934a 4500
001 - CONTROL NUMBER
control field 15311589
005 - DATE AND TIME OF LATEST TRANSACTION
control field 20250305015608.0
008 - FIXED-LENGTH DATA ELEMENTS--GENERAL INFORMATION
fixed length control field 080602s2008 ce ab 000 0 sino
020 ## - INTERNATIONAL STANDARD BOOK NUMBER
ISBN 9789555093903
040 ## - CATALOGING SOURCE (பட்டியலாக்க மூலம்)
Original cataloging agency DLC
Transcribing agency DLC
082 ## - DDC Classification
DDC Edition Number 22
Class No. 891
Item Number - Author Mark MAL
100 1# - MAIN ENTRY--PERSONAL NAME
Personal name Jayatilaka, Malit.
245 10 - TITLE STATEMENT
Title Alimaṅkaḍa parājayen pasu Śrī Laṅkāva saha Indiyāva :
Remainder of title aitihāsika sarasālē saṭan bima vetaṭa /
Statement of responsibility, etc. Malit Jayatilaka.
250 ## - EDITION STATEMENT
Edition statement Nava saṃskaraṇaya.
260 ## - PUBLICATION, DISTRIBUTION, ETC.
Place of publication, distribution, etc. Colombo
Name of publisher, distributor, etc. Malit Jayatilaka,
Date of publication, distribution, etc. 2005
300 ## - PHYSICAL DESCRIPTION
Extent (e.g. Volumes, Pages etc.) 608 p .,
500 ## - GENERAL NOTE
General note Story of War between Sri Lankan Army and LTTE. Tamil (Indic people)
942 ## - Koha item type (Biblio)
Koha item type Books in Stacks (Lending)
Holdings
Lost status Damaged status Collection code Home library Current library Date acquired Full call number Accession Number Item type
    Lending WERC Library WERC Library 03/05/2025 891 MAL 7027 Books in Stacks (Lending)

© WERC Library